000 00961 a2200313 4500
003 CBULib
005 20240110123654.0
008 240110b |||||||| |||| 00| 0 eng d
020 _a9780198789505
040 _bEnglish
_cCBULib
_erda
050 _aKJ 114 Sti
100 1 _aStirn, Bernard
_91564
245 _aTowards a European public law = Vers un droit public européen
_c/ by Bernard Stirn
260 _bOxford University Press,
_c2017.
_a Oxford :
300 _a xxxii, 192 pages
336 _2rdacontent
_aText |
_btxt
337 _2rdamedia
_aUnmediated |
_bn
338 _2rdacarrier
_aVolume
_bnc
504 _aIncludes references and index.
650 0 _91565
_aPUBLIC LAW
650 0 _91566
_aADMINISTRATIVE LAW
650 0 _91567
_aEUROPEAN LAW
650 0 _91568
_aCOMMUNITY LAW
650 0 _9969
_aEUROPEAN UNION COUNTRIES
650 0 _91569
_aCONSTITUTIONAL LAW
650 0 _9995
_aFRANCE
650 0 _91570
_aEUROPE
942 _2lcc
_c002
999 _c83024
_d83024